| 000 | 03179nam0a2200433 4500 | ||
|---|---|---|---|
| 001 | RU\NLR\BIBL_A\012820954 | ||
| 005 | 20220704095127.0 | ||
| 010 |
_a978-5-16-016184-6 _bprint |
||
| 010 |
_a978-5-16-108525-7 _bonline _9500 |
||
| 021 |
_aRU _bКН-П-22-019098 _9КН-П-22-1635 |
||
| 035 | _a(NLR Aleph) 012820954 | ||
| 035 | _a(RuMoRGB)011021140 | ||
| 090 |
_a12318548 _c12318548 |
||
| 100 | _a20220617d2022 u y0rusy50 ca | ||
| 101 | 0 | _arus | |
| 102 | _aRU | ||
| 105 | _aa j 000zy | ||
| 181 | 0 |
_ai _baxxe |
|
| 182 | 0 | _an | |
| 200 | 1 |
_aФизиология человека _eучебное пособие _eдля студентов высших учебных заведений, обучающихся по медицинским специальностям (квалификация "врач") _fЕ. В. Евстафьева, Ю. А. Бояринцева, О. А. Залата [и др.] |
|
| 203 |
_aТекст _bвизуальный _cнепосредственный |
||
| 210 |
_aМосква _cИНФРА-М _d2022 |
||
| 215 |
_a353, [1] с. _cил., табл. _d22 |
||
| 225 | 1 | _aВысшее образование - Специалитет | |
| 225 | 1 | _aСпециалитет | |
| 300 | _aАвт. указаны на обороте тит. с. | ||
| 300 | _aНа 3-й с. авт.: Е. В. Евстафьева, д-р мед. наук, проф., Ю. А. Бояринцева, канд. биол. наук, доц., О. А. Залата, канд. мед. наук, доц. [и др.] | ||
| 320 | _aБиблиогр.: с. 352 (6 назв.) | ||
| 330 | _aУчебное пособие отражает современные представления о физиологических функциях организма человека. Изложены необходимые и достаточные сведения по нормальной физиологии, являющейся базовой дисциплиной для будущего врача. Структура учебного пособия предусматривает изложение основных положений разделов физиологии, наличие практических заданий для закрепления материала, а также тем для самоподготовки. Предназначено для самостоятельной подготовки студентов к практическим занятиям по курсу нормальной физиологии в медицинских вузах | ||
| 606 | 1 |
_aЧеловек _xФизиология _jУчебные издания для высших учебных заведений _2nlr_sh2 _3RU\NLR\AUTH\661255977 |
|
| 675 |
_a612(075.8) _v4 |
||
| 686 | 1 | _aЕ903я732Р | |
| 701 | 1 |
_aЕвстафьева _bЕ. В. _gЕлена Владимировна |
|
| 701 | 1 |
_aБояринцева _bЮ. А. _gЮлия Алексеевна |
|
| 701 | 1 |
_aЗалата _bО. А. _gОльга Александровна |
|
| 942 | _cBOOK | ||
| 980 | _aNB | ||